000 00812nam a2200277 i 4500
001 6015
003 ES-MaACL
005 20230906144749.0
007 t|
008 890628s1989 sp ||||1| spa d
020 _a84-7658-107-6
080 _a1:66
080 _a66:1
100 1 _aMitcham, Carl.
_981668
245 1 0 _a¿Qué es la filosofía de la tecnología? /
_cCarl Mitcham ; prólogo de Manuel Medina.
250 _a1a ed.
260 _aBarcelona :
_bAnthropos,
_c1989.
300 _a214 p. :
_bil. ;
_c20 cm.
490 1 _aNueva ciencia ;
_v2
504 _aBibliogr.: p. 201-212.
650 1 4 _aTecnología-
_xFilosofía.
_917408
700 1 _aMedina, Manuel.
_979704
830 0 _aNueva ciencia ;
_v2
_9177424
852 _aES-MaACL
_jL-11321
_bR.116280
_z. - rust.
999 _c6015
_d6015